000 00454nam a2200157 i 4500
001 64503
003 ES-MaACL
005 20230906165138.0
007 t|
008 031226s1921 sp ||||1| spa d
100 1 _aFont Puig, Pedro.
_951567
245 1 3 _aLa belleza de la Ciencia /
_cpor Pedro Font Puig.
260 _aMurcia :
_b[s.n.,
_c1921] (
_fTip. de José Antonio Jiménez)
300 _a170 p. ;
_c23 cm.
852 _aES-MaACL
_j1844-F-2
_bR.20703
999 _c64503
_d64503